Diarios de Faustino Montes de Oca Gamero /
El documento ofrece una visión íntima y detallada de la vida y pensamientos de Faustino Montes de Oca Gamero. A través de sus diarios, se revela una perspectiva única sobre la sociedad y las circunstancias de su época. La obra proporciona una valiosa ventana al pasado, permitiéndonos entender mejor...
Furkejuvvon:
| Váldodahkki: | |
|---|---|
| Materiálatiipa: | Dovdameahttun |
| Giella: | Spanish |
| Almmustuhtton: |
Costa Rica :
Editorial UCR
|
| Fáttát: | |
| Fáddágilkorat: |
Lasit fáddágilkoriid
Eai fáddágilkorat, Lasit vuosttaš fáddágilkora!
|
MARC
| LEADER | 00000 a2200000 04500 | ||
|---|---|---|---|
| 001 | 46916 | ||
| 003 | cru IIS | ||
| 005 | 20230906144725.0 | ||
| 008 | 050629s2007 cr spa d | ||
| 020 | |a 978-9968-46-042-2 | ||
| 022 | |a 978-9968-46-042-2 | ||
| 040 | |c A | ||
| 090 | |a 19.02. 02 M779d | ||
| 100 | |a Obregón Quesada, Clotilde, |e editora | ||
| 245 | |a Diarios de Faustino Montes de Oca Gamero / |c Clotilde Obregón Quesada, editora | ||
| 260 | |a Costa Rica : |b Editorial UCR | ||
| 300 | |a 81 páginas : |b ilustraciones | ||
| 520 | |a El documento ofrece una visión íntima y detallada de la vida y pensamientos de Faustino Montes de Oca Gamero. A través de sus diarios, se revela una perspectiva única sobre la sociedad y las circunstancias de su época. La obra proporciona una valiosa ventana al pasado, permitiéndonos entender mejor las experiencias y reflexiones de Montes de Oca Gamero en un contexto histórico particular. Este libro, publicado por la Editorial UCR en Costa Rica, consta de 81 páginas y se convierte en una fuente esencial para comprender la historia y la mente de una figura importante.RAR | ||
| 600 | |a MONTES DE OCA GAMERO FAUSTINO | ||
| 650 | 0 | |2 OCDE |9 136 |a HISTORIA | |
| 650 | 0 | |2 OCDE |9 26 |a SOCIEDAD | |
| 942 | |2 ddc |c LI | ||
| 999 | |c 10223 |d 10223 | ||



